[Event "Reykjavik op"]
[Site "Reykjavik"]
[Date "2023.04.04"]
[Round "9"]
[White "Dishman, Stephen"]
[Black "Langlois Remillard, Alexis"]
[Result "1/2-1/2"]
[WhiteElo "2274"]
[BlackElo "2001"]
[PlyCount "45"]
[EventDate "2023.03.29"]
[EventType "swiss"]
[EventRounds "9"]
[EventCountry "ISL"]
[SourceTitle "EXT 2024"]
[Source "ChessBase"]
[SourceDate "2023.10.10"]
[SourceVersion "1"]
[SourceVersionDate "2023.10.10"]
[SourceQuality "1"]

1. d4 Nf6 2. Nf3 d5 3. c4 e6 4. g3 c6 5. Qc2 Nbd7 6. Bg2 Be7 7. 0-0 Ne4 8. Nfd2 f5 9. f3 Nef6 10. e4 e5 11. dxe5 Nxe5 12. exd5 cxd5 13. Re1 Qc7 14. b3 dxc4 15. Nxc4 Nxc4 16. Qxc4 Qxc4 17. bxc4 Kf7 18. Ba3 Re8 19. Bxe7 Rxe7 20. Rxe7+ Kxe7 21. f4 Be6 22. Nd2 Rd8 23. Nb3 1/2-1/2

[Event "Reykjavik op"]
[Site "Reykjavik"]
[Date "2023.03.31"]
[Round "4"]
[White "Langlois Remillard, Alexis"]
[Black "Debmisra, Ariv"]
[Result "1-0"]
[WhiteElo "2001"]
[BlackElo "1457"]
[PlyCount "119"]
[EventDate "2023.03.29"]
[EventType "swiss"]
[EventRounds "9"]
[EventCountry "ISL"]
[SourceTitle "CBM 213 Extra"]
[Source "ChessBase"]
[SourceDate "2023.05.31"]
[SourceVersion "1"]
[SourceVersionDate "2023.05.31"]
[SourceQuality "1"]

1. Nf3 d5 2. c4 e6 3. b3 c5 4. cxd5 exd5 5. d4 Nf6 6. Bb2 Nc6 7. e3 cxd4 8. Nxd4 Bb4+ 9. Bc3 Qa5 10. Qd2 Nxd4 11. Qxd4 Bxc3+ 12. Qxc3 Qb6 13. Nd2 0-0 14. Bd3 Be6 15. 0-0 Rfd8 16. Nf3 Rac8 17. Qe5 Bg4 18. Nd4 Qc7 19. Qg5 h6 20. Qh4 Qe5 21. h3 Bd7 22. Nf3 Qh5 23. Qxh5 Nxh5 24. Rac1 Rxc1 25. Rxc1 Rc8 26. Rd1 Nf6 27. Kf1 Kf8 28. Ke1 Ke7 29. Nd4 Ne4 30. f3 Nc5 31. Bf5 Ne6 32. Ne2 g6 33. Bb1 Bc6 34. b4 b6 35. Kf2 Rd8 36. Nd4 Nxd4 37. Rxd4 Rd6 38. Bc2 Bb7 39. Bb3 Ba8 40. Rd2 b5 41. Ke2 Kf6 42. Kd3 a6 43. Kd4 Bb7 44. Rc2 Bc6 45. Rc5 Kg5 46. g3 Bd7 47. h4+ Kf6 48. Rxd5 Rxd5+ 49. Bxd5 g5 50. hxg5+ hxg5 51. Bb7 Ke6 52. Bxa6 Kd6 53. Bb7 f5 54. f4 gxf4 55. gxf4 Be6 56. a3 Bb3 57. Bf3 Bc2 58. Be2 Ba4 59. Bd3 Ke6 60. Kc5 1-0

[Event "Coventry op"]
[Site "Coventry"]
[Date "2023.02.18"]
[Round "1"]
[White "Langlois Remillard, Alexis"]
[Black "Sedykh, Stakhey"]
[Result "1/2-1/2"]
[WhiteElo "2054"]
[BlackElo "1605"]
[PlyCount "72"]
[EventDate "2023.02.18"]
[EventType "swiss"]
[EventRounds "5"]
[EventCountry "ENG"]
[SourceTitle "CBM 212 Extra"]
[Source "ChessBase"]
[SourceDate "2023.03.31"]
[SourceVersion "1"]
[SourceVersionDate "2023.03.31"]
[SourceQuality "1"]

1. b3 d5 2. Bb2 Bf5 3. e3 Nd7 4. Nf3 e6 5. Be2 Ngf6 6. Nh4 Bg6 7. c4 c6 8. Nc3 Nc5 9. Nxg6 hxg6 10. b4 Nce4 11. d3 Nxc3 12. Bxc3 c5 13. bxc5 Bxc5 14. Qa4+ Qd7 15. Qxd7+ Kxd7 16. cxd5 exd5 17. Bf3 Ke6 18. Rb1 b6 19. h3 Rab8 20. a4 a6 21. Kd2 b5 22. axb5 axb5 23. Bb4 Rhc8 24. Bxc5 Rxc5 25. Rb4 Rc6 26. Rhb1 Rcb6 27. R1b2 Nd7 28. e4 dxe4 29. Rxe4+ Kd6 30. Rd4+ Ke7 31. Kc3 Nc5 32. Re2+ Kf8 33. Kb4 Na6+ 34. Kb3 Nc5+ 35. Kb4 Na6+ 36. Kb3 Nc5+ 1/2-1/2

[Event "Coventry op"]
[Site "Coventry"]
[Date "2023.02.18"]
[Round "3"]
[White "Mikalajunas, Kajus"]
[Black "Langlois Remillard, Alexis"]
[Result "1-0"]
[WhiteElo "1746"]
[BlackElo "2054"]
[PlyCount "55"]
[EventDate "2023.02.18"]
[EventType "swiss"]
[EventRounds "5"]
[EventCountry "ENG"]
[SourceTitle "CBM 212 Extra"]
[Source "ChessBase"]
[SourceDate "2023.03.31"]
[SourceVersion "1"]
[SourceVersionDate "2023.03.31"]
[SourceQuality "1"]

1. e4 e6 2. d4 d5 3. exd5 exd5 4. c3 Bd6 5. Bd3 Nc6 6. Ne2 Nge7 7. 0-0 Bg4 8. f3 Bf5 9. Re1 0-0 10. Nf4 Qd7 11. Be3 Rad8 12. Qc2 Bxd3 13. Nxd3 Qf5 14. Nd2 Ng6 15. Nf1 Nce7 16. Rad1 Nh4 17. Bf2 Neg6 18. Ne3 Qg5 19. Qe2 Rfe8 20. g3 Nf5 21. Kh1 Re6 22. f4 Bxf4 23. gxf4 Nxf4 24. Nxf4 Qxf4 25. Qg4 Qxf2 26. Qxf5 Qxb2 27. Nxd5 Rh6 28. Qe5 1-0

[Event "Montreal Mercredi 11"]
[Site "Montreal"]
[Date "2018.11.14"]
[Round "1"]
[White "Tremblay, Alain"]
[Black "Langlois Remillard, Alexis"]
[Result "1/2-1/2"]
[WhiteElo "2084"]
[BlackElo "2157"]
[PlyCount "98"]
[EventDate "2018.11.14"]
[EventType "swiss"]
[EventRounds "5"]
[EventCountry "CAN"]
[SourceTitle "EXT 2022"]
[Source "ChessBase"]
[SourceDate "2021.10.06"]
[SourceVersion "1"]
[SourceVersionDate "2021.10.06"]
[SourceQuality "1"]

1. d4 d5 2. Nf3 Nf6 3. c4 e6 4. Nc3 c6 5. Bg5 Be7 6. e3 Nbd7 7. Bd3 0-0 8. 0-0 dxc4 9. Bxc4 b5 10. Bd3 a6 11. Bxf6 Bxf6 12. Qc2 h6 13. Ne4 Bb7 14. Nd6 Qc7 15. Nxb7 Qxb7 16. Bh7+ Kh8 17. Be4 Rac8 18. Rfd1 Qb6 19. b4 e5 20. Bf5 Rfd8 21. dxe5 Nxe5 22. Nxe5 Bxe5 23. Bxc8 Bxa1 24. Rxa1 Rxc8 25. Qf5 Qc7 26. g3 Rd8 27. Rc1 Rd2 28. a3 Kg8 29. h4 g6 30. Qe4 Rd6 31. Qe8+ Kg7 32. Qe5+ Kg8 33. Kg2 Qd7 34. Qf4 Kg7 35. Qe4 Re6 36. Qg4 Qd5+ 37. Qf3 Qa2 38. Rxc6 Rxc6 39. Qxc6 Qxa3 40. Qd6 Qc3 41. Qd4+ Qxd4 42. exd4 Kf6 43. Kf3 Ke6 44. Ke3 Kd5 45. Kd3 h5 46. f3 f6 47. Kc3 Ke6 48. Kd3 Kd5 49. Kc2 Ke6 1/2-1/2

[Event "Montreal Mercredi 01"]
[Site "Montreal"]
[Date "2018.01.24"]
[Round "3"]
[White "Soudre, Nicolas"]
[Black "Langlois Remillard, Alexis"]
[Result "1-0"]
[WhiteElo "2253"]
[BlackElo "2109"]
[PlyCount "73"]
[EventDate "2018.01.10"]
[EventType "swiss"]
[EventRounds "5"]
[EventCountry "CAN"]
[SourceTitle "EXT 2022"]
[Source "ChessBase"]
[SourceDate "2021.10.06"]
[SourceVersion "1"]
[SourceVersionDate "2021.10.06"]
[SourceQuality "1"]

1. e4 e6 2. d4 d5 3. Nc3 Bb4 4. e5 c5 5. a3 Bxc3+ 6. bxc3 Qa5 7. Bd2 Qa4 8. Nf3 b6 9. Be3 Nd7 10. Bd3 Ba6 11. 0-0 Ne7 12. Qd2 Bxd3 13. cxd3 h6 14. Rfb1 Nc6 15. dxc5 bxc5 16. d4 Nb6 17. dxc5 Nc4 18. Qe2 N6xe5 19. Nxe5 Nxe5 20. Bd4 Nc6 21. Bxg7 Rg8 22. Bxh6 Qh4 23. Bd2 Qh3 24. g3 Rh8 25. f4 Ne7 26. Qg2 Qg4 27. c4 Rd8 28. Ba5 Rc8 29. Rb7 Rh3 30. Re1 Nc6 31. Qxd5 Rxg3+ 32. hxg3 Qxg3+ 33. Qg2 Qxg2+ 34. Kxg2 Nxa5 35. Rxa7 Nxc4 36. Rh1 Nxa3 37. Rh8# 1-0

[Event "Montreal Mercredi 11"]
[Site "Montreal"]
[Date "2017.11.15"]
[Round "1"]
[White "Langlois Remillard, Alexis"]
[Black "Chang, Alexander Rz"]
[Result "1-0"]
[WhiteElo "2031"]
[BlackElo "1916"]
[PlyCount "84"]
[EventDate "2017.11.15"]
[EventType "swiss"]
[EventRounds "5"]
[EventCountry "CAN"]
[SourceTitle "EXT 2022"]
[Source "ChessBase"]
[SourceDate "2021.10.06"]
[SourceVersion "1"]
[SourceVersionDate "2021.10.06"]
[SourceQuality "1"]

1. b3 Nf6 2. Bb2 e6 3. e3 d5 4. Nf3 Bd6 5. Be2 0-0 6. 0-0 c5 7. c4 Nc6 8. cxd5 exd5 9. d4 cxd4 10. Nxd4 Nxd4 11. Bxd4 Ne4 12. Nc3 Nxc3 13. Bxc3 Re8 14. Rc1 Bf5 15. Bf3 Be4 16. g3 Rc8 17. Bxe4 dxe4 18. Qd4 Be5 19. Qxd8 Rcxd8 20. Bxe5 Rxe5 21. Rc7 Rb8 22. Rd1 Kf8 23. Rdd7 Rf5 24. Re7 Re8 25. Rxe8+ Kxe8 26. Rxb7 a5 27. b4 axb4 28. Rxb4 Re5 29. g4 Kd7 30. a4 Kc6 31. Kg2 g5 32. f4 gxf4 33. exf4 Re7 34. Kf2 Kc5 35. Rb3 Kc4 36. Ra3 Kb4 37. Ra1 Kc3 38. Ke3 Kb3 39. a5 Kc4 40. a6 Ra7 41. Kxe4 Kb5 42. Kd5 Rxa6 1-0

[Event "Montreal Mercredi 10"]
[Site "Montreal"]
[Date "2017.10.27"]
[Round "1"]
[White "Langlois Remillard, Alexis"]
[Black "Have, Didier"]
[Result "0-1"]
[WhiteElo "1974"]
[BlackElo "1981"]
[PlyCount "132"]
[EventDate "2017.10.11"]
[EventType "swiss"]
[EventRounds "5"]
[EventCountry "CAN"]
[SourceTitle "EXT 2022"]
[Source "ChessBase"]
[SourceDate "2021.10.06"]
[SourceVersion "1"]
[SourceVersionDate "2021.10.06"]
[SourceQuality "1"]

1. b3 d5 2. Bb2 Bf5 3. e3 e6 4. Nf3 Nf6 5. Be2 Nbd7 6. Nh4 Bg6 7. 0-0 Ne4 8. g3 Be7 9. Bxg7 Rg8 10. Nxg6 hxg6 11. Bb2 Bf6 12. Nc3 Ng5 13. f4 Ne4 14. Qc1 Nd6 15. Nb5 Nf5 16. Bxf6 Nxf6 17. Qb2 Nd7 18. Nd4 Nd6 19. Nf3 Qe7 20. c4 Nf5 21. cxd5 exd5 22. Rac1 0-0-0 23. Rc2 Kb8 24. Rfc1 Rc8 25. b4 f6 26. a4 g5 27. fxg5 fxg5 28. Nd4 Nxd4 29. Qxd4 Nf6 30. Bg4 Nxg4 31. Qxg4 Rgf8 32. b5 Qf6 33. Qe2 d4 34. Rf1 Qe5 35. Rxf8 Rxf8 36. e4 d3 37. Qxd3 Qa1+ 38. Kg2 Qe1 39. Qc4 Qf2+ 40. Kh3 g4+ 41. Kxg4 Qf3+ 42. Kg5 Qf6+ 43. Kg4 Qg6+ 44. Kh3 Qh5+ 45. Kg2 Qf3+ 46. Kg1 Qf2+ 47. Kh1 Qe1+ 48. Kg2 Qf2+ 49. Kh3 Rh8+ 50. Kg4 Qb6 51. Qf7 Qd6 52. d4 Rf8 53. Qg7 Qe6+ 54. Kh5 Qe8+ 55. Kh4 Rh8+ 56. Kg5 Rg8 57. Qxg8 Qxg8+ 58. Kf5 Qh7+ 59. Ke5 Qh5+ 60. Ke6 Qg4+ 61. Kd5 Kc8 62. Rf2 Qg8+ 63. Ke5 Qg7+ 64. Ke6 Qd7+ 65. Ke5 Qd6+ 66. Kf5 Qf8+ 0-1

[Event "Montreal Mercredi 10"]
[Site "Montreal"]
[Date "2017.10.25"]
[Round "3"]
[White "Langlois Remillard, Alexis"]
[Black "Zumsteg, Nicolas"]
[Result "1-0"]
[WhiteElo "1974"]
[BlackElo "1860"]
[PlyCount "141"]
[EventDate "2017.10.11"]
[EventType "swiss"]
[EventRounds "5"]
[EventCountry "CAN"]
[SourceTitle "EXT 2022"]
[Source "ChessBase"]
[SourceDate "2021.10.06"]
[SourceVersion "1"]
[SourceVersionDate "2021.10.06"]
[SourceQuality "1"]

1. b3 Nf6 2. Bb2 g6 3. Bxf6 exf6 4. c4 Bg7 5. Nc3 0-0 6. g3 f5 7. Bg2 Nc6 8. e3 d6 9. Nge2 Rb8 10. Rc1 Bd7 11. 0-0 Ne5 12. d4 Ng4 13. Qd2 Re8 14. b4 c6 15. d5 a5 16. a3 axb4 17. axb4 c5 18. bxc5 dxc5 19. Rb1 Ne5 20. Qa2 Ra8 21. Qb3 Ra7 22. Rfc1 Nd3 23. Rd1 Nb4 24. Nf4 Qa8 25. Nb5 Bxb5 26. cxb5 Ra3 27. Qc4 Rc3 28. Qe2 Rc2 29. Rd2 Qa2 30. Rbd1 b6 31. Rxc2 Qxc2 32. Qxc2 Nxc2 33. d6 Rd8 34. Nd5 Be5 35. d7 Na3 36. Ne7+ Kf8 37. Nc6 Bc7 38. Nxd8 Bxd8 39. Bc6 Ke7 40. Rc1 Kd6 41. Kf1 Bf6 42. Ke2 Ke7 43. Rd1 Nc4 44. f4 Na5 45. Bd5 Kxd7 46. Bxf7+ Ke7 47. Bg8 h6 48. Bh7 Nc4 49. Bxg6 Nd6 50. Rb1 Ke6 51. Kd3 c4+ 52. Kc2 Kd5 53. Rd1+ Kc5 54. h4 Be7 55. h5 Bf8 56. Bh7 Be7 57. Bg6 Bf8 58. Rxd6 Bxd6 59. Bxf5 Kxb5 60. e4 Kc5 61. e5 Be7 62. g4 Kd4 63. g5 hxg5 64. h6 Bf8 65. h7 Bg7 66. e6 gxf4 67. e7 f3 68. e8Q Be5 69. h8Q Bxh8 70. Qxh8+ Ke3 71. Qh1 1-0

[Event "Montreal Mercredi 10"]
[Site "Montreal"]
[Date "2017.10.18"]
[Round "2"]
[White "Jacquet, Stephane"]
[Black "Langlois Remillard, Alexis"]
[Result "0-1"]
[WhiteElo "1987"]
[BlackElo "1974"]
[PlyCount "102"]
[EventDate "2017.10.11"]
[EventType "swiss"]
[EventRounds "5"]
[EventCountry "CAN"]
[SourceTitle "EXT 2022"]
[Source "ChessBase"]
[SourceDate "2021.10.06"]
[SourceVersion "1"]
[SourceVersionDate "2021.10.06"]
[SourceQuality "1"]

1. d4 d5 2. c4 Nc6 3. Nf3 Bg4 4. e3 e5 5. dxe5 d4 6. exd4 Bxf3 7. Qxf3 Qxd4 8. Be2 Qxe5 9. Nc3 Bb4 10. 0-0 0-0-0 11. Bf4 Qe6 12. Rfd1 Nd4 13. Rxd4 Rxd4 14. Nd5 Bd6 15. Be3 Rh4 16. g3 Qh3 17. Qh1 c6 18. gxh4 cxd5 19. cxd5 Nf6 20. Rc1+ Kb8 21. Rc3 Qxh4 22. Qg2 Qe4 23. Bf3 Qb1+ 24. Rc1 Qxb2 25. Kh1 Re8 26. Rd1 Qe5 27. Bd4 Qf4 28. Qg3 Ne4 29. Qxf4 Bxf4 30. Bxe4 Rxe4 31. Bxg7 Bd6 32. Rd4 Re2 33. Kg2 Rxa2 34. Rh4 Rd2 35. Rxh7 Rxd5 36. Bf6 Rf5 37. Rxf7 b5 38. h4 b4 39. Be7 Rxf7 40. Bxd6+ Kc8 41. Bxb4 Rf4 42. Be7 Kd7 43. Kg3 Rc4 44. Bf6 Ke6 45. Bg7 a5 46. h5 Kf7 47. h6 a4 48. Kf3 a3 49. Ke3 a2 50. Kd2 Kg6 51. f4 Rxf4 0-1

[Event "Laval op"]
[Site "Laval"]
[Date "2017.06.25"]
[Round "5"]
[White "Marin, Sam"]
[Black "Langlois Remillard, Alexis"]
[Result "1/2-1/2"]
[WhiteElo "1921"]
[BlackElo "1868"]
[PlyCount "110"]
[EventDate "2017.06.23"]
[EventType "swiss"]
[EventRounds "5"]
[EventCountry "CAN"]
[SourceTitle "CBM 179 Extra"]
[Source "ChessBase"]
[SourceDate "2017.08.23"]
[SourceVersion "1"]
[SourceVersionDate "2017.08.23"]
[SourceQuality "1"]

1. Nf3 Nf6 2. c4 c5 3. Nc3 b6 4. g3 Bb7 5. Bg2 e6 6. 0-0 Be7 7. b3 0-0 8. Bb2 d6 9. d4 cxd4 10. Qxd4 a6 11. e4 Nbd7 12. Ne1 Qc7 13. Rc1 Rac8 14. Nc2 Rfd8 15. Ne3 Nc5 16. f3 Bf8 17. Rfd1 Qb8 18. Qd2 Qa8 19. Qe2 d5 20. exd5 exd5 21. Ncxd5 Nxd5 22. Nxd5 Bxd5 23. Rxd5 Re8 24. Qd2 a5 25. f4 Ne4 26. Qd3 Nc5 27. Qf3 Qa7 28. Bd4 Qc7 29. Rd1 Ne6 30. Bf2 Nc5 31. Bh3 Rcd8 32. Kg2 h6 33. Bf5 Rxd5 34. Rxd5 Rd8 35. Bd4 Rxd5 36. Qxd5 Qe7 37. Kf2 Ne6 38. Bxe6 fxe6 39. Qc6 Kf7 40. Bxb6 Qa3 41. Qd7+ Be7 42. Bd8 Qxa2+ 43. Kg1 Qb1+ 44. Kg2 Qc2+ 45. Kh3 Qe2 46. Qxe7+ Kg8 47. Qe8+ Kh7 48. Bxa5 Qf1+ 49. Kg4 Qe2+ 50. Kh4 Qxh2+ 51. Kg4 Qe2+ 52. Kh3 Qf1+ 53. Kh4 Qh1+ 54. Kg4 Qd1+ 55. Kh3 Qh1+ 1/2-1/2

[Event "Montreal Mercredi 10"]
[Site "Montreal"]
[Date "2016.11.09"]
[Round "5"]
[White "Langlois Remillard, Alexis"]
[Black "Lebeau, Gilbert"]
[Result "0-1"]
[WhiteElo "1954"]
[BlackElo "2089"]
[PlyCount "51"]
[EventDate "2016.10.12"]
[EventType "swiss"]
[EventRounds "5"]
[EventCountry "CAN"]
[SourceTitle "EXT 2022"]
[Source "ChessBase"]
[SourceDate "2021.10.06"]
[SourceVersion "1"]
[SourceVersionDate "2021.10.06"]
[SourceQuality "1"]

1. b3 d5 2. Bb2 Nc6 3. e3 e5 4. Bb5 Bd6 5. f4 Qh4+ 6. g3 Qe7 7. Nf3 Bg4 8. h3 Bxf3 9. Qxf3 Nf6 10. fxe5 Bxe5 11. Bxc6+ bxc6 12. d4 Bd6 13. c4 Ne4 14. Nc3 Bb4 15. Rc1 0-0 16. Kd1 Bxc3 17. Bxc3 Rfe8 18. g4 dxc4 19. b4 a5 20. a3 Nxc3+ 21. Rxc3 axb4 22. Rxc4 bxa3 23. Kd2 a2 24. Ra1 Ra3 25. Rxc6 Qb4+ 26. Kc1 0-1

[Event "Montreal Mercredi 10"]
[Site "Montreal"]
[Date "2016.10.26"]
[Round "3"]
[White "Have, Didier"]
[Black "Langlois Remillard, Alexis"]
[Result "1-0"]
[WhiteElo "1976"]
[BlackElo "1954"]
[PlyCount "68"]
[EventDate "2016.10.12"]
[EventType "swiss"]
[EventRounds "5"]
[EventCountry "CAN"]
[SourceTitle "EXT 2022"]
[Source "ChessBase"]
[SourceDate "2021.10.06"]
[SourceVersion "1"]
[SourceVersionDate "2021.10.06"]
[SourceQuality "1"]

1. e4 e6 2. b3 c5 3. Bb2 Nc6 4. d3 d5 5. Nd2 Nf6 6. Ngf3 Qc7 7. g3 Bd6 8. Bg2 h5 9. Qe2 d4 10. Nc4 e5 11. a4 b6 12. 0-0 Bg4 13. h3 Bxf3 14. Qxf3 a6 15. Qe2 g5 16. f4 gxf4 17. gxf4 Nd7 18. b4 Nxb4 19. fxe5 Bxe5 20. Rf5 0-0-0 21. Rxf7 Rdg8 22. a5 Qc6 23. Rxd7 Qe6 24. Nxe5 Qxe5 25. Rf7 Qe6 26. Raf1 Nd5 27. Bc1 Nc3 28. Qf3 Qc6 29. Qf5+ Kb8 30. Rf2 Nd1 31. Bf4+ Ka8 32. Rc7 Ne3 33. Rxc6 Nxf5 34. exf5 Rb8 1-0